• 首页
  • 本馆介绍
  • 公告通知
  • 最新文献
  • 馆藏检索
  • 电子资源
  • 读者导购
  • 参考咨询
  • 我的图书馆
  • 登录
  • 详细信息显示
  • 放入我的书架
  • 预约/预借图书
  • 作者相关作品
  • 分类相关作品
  • 丛书相关作品
  • 出版社相关作品

书目信息

  • 表格格式
  • 工作单格式
  • 卡片格式
题名:
近代广东足球文化发展历史研究
    
 
作者: 莫凯敏 著
分册:  
出版信息: 沈阳   东北大学出版社  2021.03
页数: 191页
开本: 24cm
丛书名:
单 册:
中图分类: G843.92
科图分类:
主题词: 足球运动--体育运动史--研究--广东--近代
电子资源:
ISBN: 978-7-5517-2660-3
000 00945nam0 2200241 450
001 012001000352
005 20141201134237.0
010    @a978-7-5517-2660-3@dCNY69.00
100    @a20220905d2021 em y0chiy50 ea
101 0  @achi
102    @aCN@b210000
105    @aa z 000yy
106    @ar
200 1  @a近代广东足球文化发展历史研究@Ajin dai guang dong zu qiu wen hua fa zhan li shi yan jiu@f莫凯敏著
210    @a沈阳@c东北大学出版社@d2021.03
215    @a191页@c图,照片@d24cm
330    @a本书共分六章,内容包括:绪论、近代广东足球文化发展历史背景、近代广东足球文化发展历史进程、近代广东各层次足球文化、近代广东足球历史人物、近代广东足球文化发展的动力和制约因素。
510 1  @aHistorical development of modern football culture in Guangdong@zeng
606 0  @a足球运动@x体育运动史@x研究@y广东@z近代
690    @aG843.92@v5
701  0 @a莫凯敏@Amo kai min@4著
801  0 @aCN@bAHXH@c20221111
905    @b1362005-9@dG843.92@e2061@f5
    
    近代广东足球文化发展历史研究/莫凯敏著.-沈阳:东北大学出版社,2021.03
    191页:图,照片;24cm
    
    
    ISBN 978-7-5517-2660-3:CNY69.00
    本书共分六章,内容包括:绪论、近代广东足球文化发展历史背景、近代广东足球文化发展历史进程、近代广东各层次足球文化、近代广东足球历史人物、近代广东足球文化发展的动力和制约因素。
●
相关链接 在E读中查询图书 在五车中查询图书 在当当中查询图书 在豆瓣中查询图书


正题名:近代广东足球文化发展历史研究     索取号:G843.92/2061         预约/预借

序号 登录号 条形码 馆藏地/架位号 状态 备注
1 1362005   213620054   第一样本阅览室/ [索取号:G843.92/2061] 在馆    
2 1362006   213620063   教育系资料室/ [索取号:G843.92/2061] 在馆    
3 1362007   213620072   教育系资料室/ [索取号:G843.92/2061] 在馆    
4 1362008   213620081   第四借阅区/ [索取号:G843.92/2061] 在馆    
5 1362009   213620090   第四借阅区/ [索取号:G843.92/2061] 在馆    
唐山师范学院图书馆 欢迎您!
大连网信软件有限公司© 版权所有